LEADER 01160nas 22004332c 450 001 9910896433503321 005 20260218111120.0 024 7 $a10.11588/diglit.47791 024 7 $aurn:nbn:de:bsz:16-diglit-477912 035 $a(DE-599)ZDB2976040-9 035 $a(OCoLC)1368998066 035 $a(DE-101)1189252236 035 $a(CKB)4910000000548524 035 $a(DE-599)2976040-9 035 $a(EXLCZ)994910000000548524 100 $a20190626b18471848 |y | 101 0 $ager 135 $aur||||||||||| 181 $ctxt$2rdacontent 182 $cc$2rdamedia 183 $acr$2rdacarrier 200 00$aMannheimer Abendzeitung$h[...]$iLandtags-Bericht 210 31$aMannheim$cHa?hner$d1847-1848 300 $aNoch nicht vollsta?ndig digitalisiert! 300 $aReproduktion 517 3 $aLandtags-Bericht 608 $aZeitschrift$2gnd-content 676 $a070 676 $a914.3 676 $a943 676 $a320 712 02$aBaden$bLandtag$4isb 801 0$b0016 801 1$bDE-101 801 2$b9999 906 $aJOURNAL 912 $a9910896433503321 996 $aMannheimer Abendzeitung$94247714 997 $aUNINA